000 00793nam a2200241 i 4500
001 C2-0324417
003 PPAK
005 20180728122800.0
008 131212s2012 xx a|||| ||||| | may d
040 _aPPAK
_beng
_cPPAK
_erda
082 0 4 _a781.629923
_223
090 0 0 _a781.629923
_bMUH
_dKK
100 0 _aMuhammad Abi Sofian Abdul Halim,
_eauthor
245 1 0 _aMuzik simbolisme budaya Melayu
264 1 _a[place of publication not identified] :
_b[publisher not identified] ,
_c2012
300 _a4 pages :
_billustrations ;
_c30 cm.
336 _2rdacontent
_atext
337 _2rdamedia
_aunmediated
338 _2rdacarrier
_avolume
500 _aDipetik Daripada Dewan Budaya - Mei 2012
650 1 0 _aMalays - Music. ; Folk music, Malays. ; Music - Malaysia.
942 _ddc
_cB
999 _c124387
_d124387